000
00227nam a22000857a 4500
008
160624b xxu||||| |||| 00| 0 eng d
100
_9
1052
_a
Leppard, S.M
245
_a
The Miss Kitty Mystery
260
_a
Minnesata
_b
BethaN.Y House
_c
1997
999
_c
838
_d
838